000 00287nam a2200109Ia 4500
008 200302s9999 xx 000 0 und d
100 _aDr. M Ramachandran
245 _aIndia's urban confusion challenges and strategies
260 _bCopal Publishing Group
260 _c2014
300 _a243
999 _c5917
_d5917